Report of the I.L.O. Labour Survey Mission on labour problems in Pakistan, August 1952-February 1953 / (Record no. 58350)
[ view plain ]
| 000 -LEADER | |
|---|---|
| fixed length control field | 00786nam a2200217 a 4500 |
| 001 - CONTROL NUMBER | |
| control field | 58350 |
| 003 - CONTROL NUMBER IDENTIFIER | |
| rucl marc code | BD-RjUL |
| 005 - DATE AND TIME OF LATEST TRANSACTION | |
| control field | 20211209080618.0 |
| 008 - FIXED-LENGTH DATA ELEMENTS--GENERAL INFORMATION | |
| fixed length control field | 161217s1958 pk a 001 0 eng |
| 035 ## - SYSTEM CONTROL NUMBER | |
| System control number | (BD-RjUL)58474 |
| 040 ## - CATALOGING SOURCE | |
| Original cataloging agency | DLC |
| Transcribing agency | DLC |
| Modifying agency | BD-RjUL |
| Language of cataloging | eng |
| 041 ## - LANGUAGE CODE | |
| Language code of text/sound track or separate title | eng |
| 082 00 - DEWEY DECIMAL CLASSIFICATION NUMBER | |
| Classification number | 331.09547 |
| Edition number | 23 |
| Author mark and year | REP 1958 |
| 245 10 - TITLE STATEMENT | |
| Title | Report of the I.L.O. Labour Survey Mission on labour problems in Pakistan, August 1952-February 1953 / |
| Statement of responsibility, etc. | International Labour Organisation. Labour Survey Mission |
| 260 ## - PUBLICATION, DISTRIBUTION, ETC. (IMPRINT) | |
| Place of publication, distribution, etc. | Pakistan : |
| Name of publisher, distributor, etc. | Pakistan press, |
| Date of publication, distribution, etc. | c1958 |
| 300 ## - PHYSICAL DESCRIPTION | |
| Pagination | ix, 188 p. |
| Size | 19 cm. |
| 650 ## - SUBJECT ADDED ENTRY--TOPICAL TERM | |
| Topical term or geographic name as entry element | Labor and laboring classes |
| Geographic subdivision | Pakistan. |
| 9 (RLIN) | 173311 |
| Topical term or geographic name as entry element | Labor and laboring classes |
| 9 (RLIN) | 173312 |
| 710 ## - ADDED ENTRY--CORPORATE NAME | |
| Corporate name or jurisdiction name as entry element | International Labour Organisation. Labour Survey Mission |
| 9 (RLIN) | 173313 |
| 942 ## - ADDED ENTRY ELEMENTS (KOHA) | |
| Source of classification or shelving scheme | Dewey Decimal Classification |
| Koha item type | Books |
| Lost status | Source of classification or shelving scheme | Damaged status | Not for loan | Collection code | Permanent Location | Current Location | Shelving location | Date acquired | Source of acquisition | Cost, normal purchase price | Total Checkouts | Full call number | Date last seen | Copy number | Koha item type |
|---|---|---|---|---|---|---|---|---|---|---|---|---|---|---|---|
| Dewey Decimal Classification | Not For Loan | Non-fiction | Central Library, University of Rajshahi | Central Library, University of Rajshahi | Reading Room | 09/05/1969 | Wari book cop. | 2.50 | 331.09547 REP 1958 | 18/12/2016 | C-1 | Books |